000 00629nam a2200193Ia 4500
005 20250508163303.0
008 008 250505s9999 xx 000 0 eng d
037 _aTheses
040 _aFEDL
_beng
_cFEDL
041 _aeng
_2eng
084 _a370, MAI/TH
_qFEDL
100 _aMainka G Kumar
_9775050
245 0 _aAcquisition of concepts in mathematics of pupils at primary school level, and its relation to some personal and enviornmental variables of the pupils
260 _c1983
300 _a436p.
546 _aPH.D Thesis (Bombay University)
942 _cTH
_h370, MAI/TH
999 _c1382054
_d1382054